00381nam a2200157Ia 45000010006000000050017000060080041000230410008000640820018000721000028000902450052001182600009001703000028001796500008002076540008002151865220260306171646.0260306s9999||||xx |||||||||||||| ||und|| aESP a658.4093bB82 aBrenes, Esteban R.eAUT 0aEl futuro del emprendimiento en Latinoamérica c2017 a256 páginas :c25 cm. aGEN aCHU